| 000 | 00380pab a2200157 454500 | ||
|---|---|---|---|
| 008 | 180718b2011 xxu||||| |||| 00| 0 eng d | ||
| 100 | _aShewli Kumar | ||
| 245 | _aBuilding women empowered communities for governance | ||
| 260 | _c2011 | ||
| 300 | _ap.181-198. | ||
| 362 | _aApr | ||
| 650 | _aWomen | ||
| 773 | _aIndian Journal of Social Work | ||
| 908 | _aN | ||
| 909 | _a92965 | ||
| 999 |
_c92965 _d92965 |
||